LEADER 02020nam 2200421Ia 450 001 996395394603316 005 20210104171445.0 035 $a(CKB)3810000000017609 035 $a(EEBO)2240868262 035 $a(OCoLC)ocn751969726e 035 $a(OCoLC)751969726 035 $a(EXLCZ)993810000000017609 100 $a20110912d1614 uy 0 101 0 $aeng 135 $aurbn||||a|bb| 200 10$aBy the King$b[electronic resource] $eA proclamation against exportation of gold and siluer. It hath pleased almightie God to blesse this our kingdome with a rare and rich dowrie of natiue commodities, both by sea and land; with the exportation and procedure whereof, treasure of gold and siluer may from time to time bee brought in and increased .. 210 $aImprinted at London $cby Robert Barker, Printer to the Kings most excellent Maiestie.$danno Dom. 1614. 215 $a[2] leaves $ccoat of arms 300 $aTitle taken from caption and first lines of text. 300 $a"Giuen at Whitehall the three and twentieth day of March, in the twelfth yeere of our raigne of England, France, and Ireland, and of Scotland the eight and fourtieth." --Leaf [2]. 300 $aHeadpiece, tailpiece, royal coat of arms, initial. 300 $aReproduction of original in: Queen's College (University of Oxford). Library. 330 $aeebo-0119 606 $aGold$xLaw and legislation$zEngland$vEarly works to 1800 606 $aSilver$xLaw and legislation$zEngland$vEarly works to 1800 607 $aGreat Britain$xHistory$yJames I, 1603-1625$vSources$vEarly works to 1800 608 $aBroadsides$zEngland$y17th century.$2rbgenr 608 $aProclamations$zEngland$y17th century.$2rbgenr 615 0$aGold$xLaw and legislation 615 0$aSilver$xLaw and legislation 701 $aJames$cKing of England,$f1566-1625.$01001019 801 0$bUMI 801 1$bUMI 801 2$bUMI 906 $aBOOK 912 $a996395394603316 996 $aBy the King$92299281 997 $aUNISA LEADER 04383nam 2200925 a 450 001 9910787558503321 005 20230125184130.0 010 $a1-60649-483-X 035 $a(CKB)2670000000400435 035 $a(EBL)1294954 035 $a(OCoLC)853623681 035 $a(SSID)ssj0001141697 035 $a(PQKBManifestationID)11757553 035 $a(PQKBTitleCode)TC0001141697 035 $a(PQKBWorkID)11091607 035 $a(PQKB)11758023 035 $a(CaBNVSL)swl00402637 035 $a(Au-PeEL)EBL1294954 035 $a(CaPaEBR)ebr10738672 035 $a(CaONFJC)MIL504511 035 $a(CaSebORM)9781606494820 035 $a(MiAaPQ)EBC1294954 035 $a(EXLCZ)992670000000400435 100 $a20130802d2013 fy 0 101 0 $aeng 135 $aur|n|---||||| 181 $ctxt 182 $cc 183 $acr 200 10$aManaging expatriates$b[electronic resource] $ea return on investment approach /$fYvonne McNulty, Kerr Inkson 205 $a1st ed. 210 $a[New York, N.Y.] (222 East 46th Street, New York, NY 10017) $cBusiness Expert Press$d2013 215 $a1 online resource (264 p.) 225 1 $aHuman resource management and organizational behavior collection,$x1946-5645 300 $aPart of: 2013 digital library. 311 $a1-60649-482-1 320 $aIncludes bibliographical references (p. 215-226) and index. 327 $aPart 1. Expatriation and return on investment -- 1. Basics of expatriation -- 2. Expatriation and ROI -- Part 2. Understanding expatriates -- 3. Expatriate compensation -- 4. Expatriate families -- 5. Global careers -- 6. Expatriate psychological contracts -- Part 3. Managing expatriation using ROI -- 7. A new model of expatriate ROI -- 8. Evaluating expatriate ROI -- 9. Five core principles for effective eROI -- Appendix A. Mobility managers study -- Appendix B. Expatriate employees study -- Appendix C. Trailing spouses study -- Notes -- Glossary -- References -- Index. 330 3 $aExpatriation is a big topic and is getting bigger. Over 200 million people worldwide now live and work in a country other than their country of origin. Tens of billions of dollars are spent annually by organizations that move expatriates around the world. Yet, despite the substantial costs involved, expatriation frequently results in an unsatisfactory return on investment (ROI), with little or no knowledge as to how to improve it. Why is this so? The problem overwhelmingly lies in the poor delivery of effective expatriate management which is frequently handicapped by a lack of understanding of international careers and the forces that drive competition in the "global war for talent," an increasingly short-term profit-driven focus and a failure to adopt the rational strategic approach that organizations automatically apply to other areas of their business. 410 0$a2013 digital library. 410 0$aHuman resource management and organizational behavior collection.$x1946-5645 606 $aForeign workers 606 $aInternational business enterprises$xEmployees 610 $aexpatriate 610 $aexpatriation 610 $aexpatriate assignment 610 $aexpatriate compensation 610 $aexpatriate family 610 $aexpatriate management 610 $aexpatriate return on investment 610 $aexpatriate trends 610 $aglobal career 610 $aglobal mobility 610 $aglobal staffing 610 $aglobal war for talent 610 $ahost country nationals (HCNs) 610 $ahuman capital 610 $ainternational assignment 610 $ainternational business 610 $ainternational human resource management 610 $ainternational management 610 $aparent country nationals (PCNs) 610 $apsychological contract 610 $arepatriation 610 $areturn on investment 610 $aROI 610 $astrategic planning 610 $atalent management 615 0$aForeign workers. 615 0$aInternational business enterprises$xEmployees. 676 $a331.62 700 $aMcNulty$b Yvonne$01516926 701 $aInkson$b Kerr$01486284 801 0$bMiAaPQ 801 1$bMiAaPQ 801 2$bMiAaPQ 906 $aBOOK 912 $a9910787558503321 996 $aManaging expatriates$93753646 997 $aUNINA LEADER 01997nas 2200637-a 450 001 996215987103316 005 20220219213019.0 011 $a1747-7506 035 $a(OCoLC)49479527 035 $a(CKB)110974990161246 035 $a(CONSER)--2008252967 035 $a(DE-599)ZDB2041800-0 035 $a(EXLCZ)99110974990161246 100 $a20020329a20009999 s-- a 101 0 $aeng 135 $aurcn||||||||| 181 $ctxt$2rdacontent 182 $cc$2rdamedia 183 $acr$2rdacarrier 200 10$aCurrent issues in language planning 210 $a[Clevedon, UK] $cMultilingual Matters Ltd.$d©2000- 210 31$aAbingdon :$cRoutledge, Taylor & Francis 300 $aRefereed/Peer-reviewed 311 $a1466-4208 606 $aLanguage planning$vPeriodicals 606 $aLanguage policy$vPeriodicals 606 $aSociolinguistics$vPeriodicals 606 $aLanguage planning 606 $aSociolinguistics 606 $aAménagement linguistique 606 $aSociolinguistique 606 $aAménagement linguistique$vPériodiques 606 $aSociolinguistique$vPériodiques 606 $asociolinguistics$2aat 606 $aLanguage planning$2fast$3(OCoLC)fst00992397 606 $aLanguage policy$2fast$3(OCoLC)fst00992402 606 $aSociolinguistics$2fast$3(OCoLC)fst01123847 608 $aPeriodicals.$2fast 610 $aPhilology & Linguistics 615 0$aLanguage planning 615 0$aLanguage policy 615 0$aSociolinguistics 615 0$aLanguage planning. 615 0$aSociolinguistics. 615 6$aAménagement linguistique. 615 6$aSociolinguistique. 615 6$aAménagement linguistique 615 6$aSociolinguistique 615 7$asociolinguistics. 615 7$aLanguage planning. 615 7$aLanguage policy. 615 7$aSociolinguistics. 906 $aJOURNAL 912 $a996215987103316 996 $aCurrent issues in language planning$92093033 997 $aUNISA LEADER 04572oas 2201441 a 450 001 9910131811903321 005 20260218111304.0 011 $a2997-1292 035 $a(OCoLC)53322547 035 $a(CONSER) 2004255250 035 $a(CKB)110978978557183 035 $a(DE-599)2248106-0 035 $a(EXLCZ)99110978978557183 100 $a20031031b19902023 uy a 101 0 $aeng 135 $aurmn||||||||| 181 $ctxt$2rdacontent 182 $cc$2rdamedia 183 $acr$2rdacarrier 200 00$aHastings communications and entertainment law journal (Comm/Ent) 210 $aSan Francisco $cUniversity of California, Hastings College of the Law$d[1990-2023] 215 $a1 online resource (33 volumes) 300 $aTitle from journal title screen (Hein Online, viewed May 26, 2004). 311 08$a1061-6578 517 1 $aHastings communications and entertainment law journal 517 3 $aComm/Ent 517 1 $aHastings Comm/Ent L.J. 606 $aCommunication and traffic$xLaw and legislation$zUnited States$vPeriodicals 606 $aTelecommunication$xLaw and legislation$zUnited States$vPeriodicals 606 $aCopyright$zUnited States$vPeriodicals 606 $aEntertainers$xLegal status, laws, etc$zUnited States$vPeriodicals 606 $aCommunication and traffic$xLaw and legislation$2fast$3(OCoLC)fst00870068 606 $aCopyright$2fast$3(OCoLC)fst00878706 606 $aEntertainers$xLegal status, laws, etc$2fast$3(OCoLC)fst00912669 606 $aTelecommunication$xLaw and legislation$2fast$3(OCoLC)fst01145888 606 $aMediarecht$2gtt 606 $aUitvoerende kunsten$2gtt 606 $aAmusementskunst$2gtt 606 $aSport$2gtt 606 $aRecht$2gtt 606 $aDroit$2rasuqam 606 $aDroit d'auteur$2rasuqam 606 $aInternet$2rasuqam 606 $aMass-me?dia$2rasuqam 606 $aNouvelles technologies de l'information$2rasuqam 606 $aRadio-te?le?diffusion$2rasuqam 606 $aTe?le?communication$2rasuqam 606 $aTelecomunicació$2thub 606 $aMitjans de comunicació de massa$2thub 606 $aSituació legal$2thub 606 $aRevistes electròniques$2thub 607 $aUnited States$2fast$1https://id.oclc.org/worldcat/entity/E39PBJtxgQXMWqmjMjjwXRHgrq 607 $aE?tats-Unis$2rasuqam 608 $aperiodicals.$2aat 608 $aLaw reviews.$2fast 608 $aPeriodicals.$2fast 608 $aInternet resources.$2gtlm 608 $aLaw reviews.$2lcgft 608 $aPe?riodique e?lectronique (Descripteur de forme)$2rasuqam 608 $aRessource Internet (Descripteur de forme)$2rasuqam 608 $aRevues de droit.$2rvmgf 608 $aPe?riodiques.$2rvmgf 615 0$aCommunication and traffic$xLaw and legislation 615 0$aTelecommunication$xLaw and legislation 615 0$aCopyright 615 0$aEntertainers$xLegal status, laws, etc. 615 7$aCommunication and traffic$xLaw and legislation. 615 7$aCopyright. 615 7$aEntertainers$xLegal status, laws, etc. 615 7$aTelecommunication$xLaw and legislation. 615 17$aMediarecht. 615 17$aUitvoerende kunsten. 615 17$aAmusementskunst. 615 17$aSport. 615 17$aRecht. 615 7$aDroit 615 7$aDroit d'auteur 615 7$aInternet 615 7$aMass-me?dia 615 7$aNouvelles technologies de l'information 615 7$aRadio-te?le?diffusion 615 7$aTe?le?communication 615 7$aTelecomunicació. 615 7$aMitjans de comunicació de massa. 615 7$aSituació legal. 615 7$aRevistes electròniques. 676 $a343 712 02$aHastings College of the Law, 801 0$bAMH 801 1$bAMH 801 2$bOCLCQ 801 2$bZCU 801 2$bLGG 801 2$bOCLCQ 801 2$bOCLCO 801 2$bOCLCF 801 2$bOCLCO 801 2$bOCLCQ 801 2$bCUS 801 2$bYLS 801 2$bOCL 801 2$bUEJ 801 2$bOCLCQ 801 2$bOCLCO 801 2$bOCLCE 801 2$bUUM 801 2$bOCLCO 801 2$bVT2 801 2$bOCLCO 801 2$bOCLCQ 801 2$bUAB 801 2$bOCLCL 801 2$bLVT 801 2$bQGK 801 2$bCLU 801 2$bDLC 801 2$bU3W 801 2$bSFB 801 2$bOCLCL 906 $aJOURNAL 912 $a9910131811903321 996 $aHastings communications and entertainment law journal (Comm$92286744 997 $aUNINA